Managerial Accounting: (Record no. 183233)

MARC details
000 -LEADER
fixed length control field 00715 a2200217 4500
005 - DATE AND TIME OF LATEST TRANSACTION
control field 20211221140246.0
010 ## - LCCN (DPL NO)
LC control number ENG-130445
020 ## - INTERNATIONAL STANDARD BOOK NUMBER
International Standard Book Number 978-93-5460-052-4
Terms of availability 927.00
035 ## - SYSTEM CONTROL NUMBER
System control number EN-113977
037 ## - SOURCE OF ACQUISITION
Source of stock number/acquisition DBAD/PUB
082 ## - DEWEY DECIMAL CLASSIFICATION NUMBER
Classification number 658.1511
Item number 1
100 ## - MAIN ENTRY--PERSONAL NAME
Personal name Garrison, Ray H
245 ## - TITLE STATEMENT
Title Managerial Accounting:
Statement of responsibility, etc Ray H Garrison, Eric W Noreen, Peter C Brewer
250 ## - EDITION STATEMENT
Edition statement Indian Edition
260 ## - PUBLICATION, DISTRIBUTION, ETC. (IMPRINT)
Place of publication, distribution, etc Tamill Nadu
Name of publisher, distributor, etc McGraw Hill Education Private Limited
Date of publication, distribution, etc 2021
270 ## - ADDRESS
Address 444/1, Sri Ekambara Naicker Industrial Estate, Alapakkam, Porur
City Chennai
Postal code 600116
300 ## - PHYSICAL DESCRIPTION
Extent 784p.
Dimensions 27cm (pbk)
700 ## - ADDED ENTRY--PERSONAL NAME
Personal name Norren, Eric W
700 ## - ADDED ENTRY--PERSONAL NAME
Personal name Brewer, Peter C
942 ## - ADDED ENTRY ELEMENTS (KOHA)
Institution code [OBSOLETE] dpl
Item type English Books
Source of classification or shelving scheme Dewey Decimal Classification
Classification part 658.1511
Call number suffix GAR
Holdings
Withdrawn status Lost status Not for loan Collection code Home library Current library Date acquired Source of acquisition Cost, normal purchase price Full call number Barcode Copy number Cost, replacement price Koha item type
      Non-fiction Central Library Central Library 21/12/2021 DBAD/PUB 927.00 658.1511 GAR EN-113977 1 927.00 English Books

© Delhi Public Library
Hit Counter
free hit counter